000 00530nam a2200205Ia 4500
005 20240823053523.0
008 240823s9999||||xx |||||||||||||| ||und||
020 _a978-1-25-900674-6
041 _aENGLISH
082 _A005.11 Q3
100 _aJeya Mala D
245 0 _aObject Oriented Analysis and Design Using UML
250 _a1st
260 _c2013
_bMcGraw - Hill Higher Educ
_aNew York
500 _aISSUED
650 _aObject oriented
_bComputer Science
700 _a Geetha S.
942 _cBK
999 _c224343
_d224343